00334nam a2200133Ia 4500008004100000020001800041041000800059082001800067100002200085245003300107250000600140260004100146300001300187210716s2016 xx 000 0 und d a9788126558940 aeng a005.3002 WALJ aWalkenbach, John. aMicrosoft excel 2016: bible. a1 aNew DelhibWiley India Pvt Ltdc2016 axlv,1106